Public finance /

Bibliographische Detailangaben
1. Verfasser: Rosen, Harvey S.
Weitere Verfasser: Gayer, Ted, 1970-
Format: Buch
Sprache:English
Veröffentlicht: Boston : McGraw-Hill Irwin, c2008.
Ausgabe:Eighth edition.
Schlagworte:
Classic Catalogue: View this record in Classic Catalogue
LEADER 01275nam a2200301 a 4500
001 0016972
003 BD-DhAAL
008 091108s2008 maua b 001 0 eng d
010 |a  2006037543 
020 |a 9780071259392 
020 |a 9780073511283 (alk. paper) 
020 |a 0073511285 (alk. paper) 
040 |a DLC  |c DLC  |d C#P  |d BAKER  |d BTCTA  |d DLC  |d BD-DhAAL 
082 0 0 |a 336.73  |2 22 
100 1 |a Rosen, Harvey S.  |9 10842 
245 1 0 |a Public finance /  |c Harvey S. Rosen, Ted Gayer. 
250 |a Eighth edition. 
260 |a Boston :  |b McGraw-Hill Irwin,  |c c2008. 
300 |a xxvi, 596 p. :  |b ill. ;  |c 27 cm 
504 |a Includes bibliographical references (p. 570-582) and indexes. 
526 |a ESS  |x Theophil Nokrek, DCO, Department of ESS 
541 1 |e 00016972  |a McGraw-Hill Education (India) Pvt. Ltd. 
650 0 |a Finance, Public  |z United States.  |9 48268 
700 1 |a Gayer, Ted,  |d 1970-  |9 58434 
852 4 |a Ayesha Abed Library  |c General Stacks 
942 |2 ddc  |c BK 
999 |c 5725  |d 5725 
952 |0 0  |1 0  |2 ddc  |4 0  |6 336_730000000000000_ROS_2008  |7 0  |9 5659  |a BRACUL  |b BRACUL  |c GEN  |d 2009-11-21  |e McGraw-Hill Education (India) Pvt. Ltd.  |l 22  |m 205  |o 336.73 ROS  |p 3010016972  |r 2026-02-28  |s 2025-07-22  |t 1  |w 2009-11-21  |y BK  |x Requisitioned by Theophil Nokrek, DCO, Department of ESS ; Rs 1083.90